Vybrané motivačné dispozície a ich súvislosť s intelektovým potenciálom a školským prospechom adolescentov

Bibliographic Details
Main Author: Mesárošová, Margita, 1956- (Author)
Format: Article
Language:Slovak
PhysicalDescription:Res. angl., nem., tab. 6, lit. 21 zázn. v angl., češ., poľ., slov.
ISSN:0555-5574
Subjects:

MARC

LEADER 00000nab a2200000 a 4500
001 vtls000617294
003 SK-MaSNL
005 20260304221417.0
008 250426c1997 xo 0 slo
015 |a SNBRB19rr/mm-uuuuu 
035 |a CL0617433 
035 |a urn:nbn:sk:snk-ab2tvo 
035 |a (urnnbn)urn:nbn:sk:snk:ar-a02xpm 
035 |a (uuid)dc8def8d-a196-49e8-b9a9-fdbea8d063d3 
040 |a SNKBUCL  |b slo  |c SNKBUCL  |e AACR2 
041 0 |a slo 
044 |a xo  |c SK 
080 |a 159.922.8:159.94/.95:371.26  |2 1981 
080 |a 159.94/.95  |2 1981 
080 |a 371.26  |2 1981 
100 1 |a Mesárošová, Margita,  |d 1956-  |4 aut  |9 209877 
245 1 0 |a Vybrané motivačné dispozície a ich súvislosť s intelektovým potenciálom a školským prospechom adolescentov  |c Margita Mesárošová 
300 |b Res. angl., nem., tab. 6, lit. 21 zázn. v angl., češ., poľ., slov. 
650 0 7 |a psychológia motivácie  |2 snkbucl  |9 1553588 
650 0 7 |a motivácia poznávacia  |2 snkbucl  |9 1553589 
650 0 7 |a adolescenti  |2 snkbucl  |9 4892 
650 0 7 |a školský prospech  |2 snkbucl  |9 3978 
650 0 7 |a potenciál intelektový  |2 snkbucl  |9 1553590 
655 7 |a články z novín a časopisov  |2 snkbucl  |9 267496 
773 0 |t Psychológia a patopsychológia dieťaťa  |g Roč. 32, č. 1 (1997), s. 22-34  |x 0555-5574 
850 |a Slovenská národná knižnica 
852 |a Slovenská národná knižnica 
954 |a odborná, vedecká literatúra pôvodná (slovenská)  |2 lita 
958 |a article2022 
958 |a RK 
958 |a OND 
958 |a EUIPO 
992 |a RBX 
999 |c 3157773  |d 3159703